000 00254nam a22001097a 4500
008 160511b xxu||||| |||| 00| 0 eng d
020 _a0903880458
041 _aeng
080 _a316.77
245 _aStanding on earth:
_cjonathon Porritt;
942 _2udc
_cBK
999 _c2042
_d2042